000 00842nam a2200289Ia 4500
005 20260324140043.0
008 008 260324s9999 xx 000 0 eng d
020 _a9781315211503
037 _aEBOOK
040 _aCRL
040 _beng
040 _cCRL
041 _2eng
041 _aeng
084 _qCRL
100 _aBeth Hurst; Ginny Reding
_91202954
245 0 _aKeeping the Light in Your Eyes: A Guide to Helping Teachers Discover, Remember, Relive, and Rediscover the Joy of Teaching
245 2 _bA Guide to Helping Teachers Discover, Remember, Relive, and Rediscover the Joy of Teaching
260 _bTaylor and Francis
260 _c1999
365 _a
365 _b230
856 _uhttp://www.taylorfrancis.com/books/9781315211503
942 _cEBOOK
999 _c1804605
_d1804605